Новейшая ксенолексика в русской речи XXI века: к определению объема понятия; Вестник науки Сибири; № 1 (2)

Detalhes bibliográficos
Parent link:Вестник науки Сибири: электронный научный журнал/ Томский политехнический университет (ТПУ).— , 2011-.— 2226-0064
№ 1 (2).— 2012.— [С. 278-286]
Autor principal: Щитова О. Г. Ольга Григорьевна
Resumo:Заглавие с титульного листа
Статья посвящена центральной проблеме неологии - неологизмам иноязычного происхождения. Рассматривается объем понятий ксенолексика, новейшая ксенолексика в их отношении с другими понятиями теории заимствования. Выделены группы новейшей ксенолексики с точки зрения особенностей их фиксации в лексикографических источниках.
Idioma:russo
Publicado em: 2012
Colecção:Филология. Педагогика
Assuntos:
Acesso em linha:http://earchive.tpu.ru/handle/11683/16010
Formato: MixedMaterials Recurso Electrónico Capítulo de Livro
KOHA link:https://koha.lib.tpu.ru/cgi-bin/koha/opac-detail.pl?biblionumber=479137

MARC

LEADER 00000naa2a2200000 4500
001 479137
005 20231227134932.0
035 |a (RuTPU)RU\TPU\prd\146002 
035 |a RU\TPU\prd\146001 
090 |a 479137 
100 |a 20120706d2012 k y0rusy50 ca 
101 0 |a rus 
102 |a RU 
135 |a drnn ---uucaa 
181 0 |a i  
182 0 |a b 
200 1 |a Новейшая ксенолексика в русской речи XXI века: к определению объема понятия  |f О. Г. Щитова 
203 |a Текст  |c электронный 
215 |a 1 файл (773 Кб) 
225 1 |a Филология. Педагогика 
300 |a Заглавие с титульного листа 
320 |a [Библиогр.: с. 285-286 (43 назв.)] 
330 |a Статья посвящена центральной проблеме неологии - неологизмам иноязычного происхождения. Рассматривается объем понятий ксенолексика, новейшая ксенолексика в их отношении с другими понятиями теории заимствования. Выделены группы новейшей ксенолексики с точки зрения особенностей их фиксации в лексикографических источниках. 
337 |a Adobe Reader 
461 1 |0 (RuTPU)RU\TPU\prd\143680  |x 2226-0064  |t Вестник науки Сибири  |o электронный научный журнал  |f Томский политехнический университет (ТПУ)  |d 2011- 
463 1 |0 (RuTPU)RU\TPU\prd\145194  |t № 1 (2)  |v [С. 278-286]  |d 2012 
610 1 |a филология 
610 1 |a русская речь 
610 1 |a контактология 
610 1 |a неология 
610 1 |a лексическое заимствование 
610 1 |a иноязычные слова 
610 1 |a ксенолексика 
610 1 |a неологизмы 
610 1 |a понятия 
610 1 |a 21 век 
610 1 |a труды учёных ТПУ 
610 1 |a электронный ресурс 
675 |a 801.316.3  |v 3 
675 |a 808.2-02  |v 3 
700 1 |a Щитова  |b О. Г.  |c филолог  |c профессор Томского политехнического университета, доктор филологических наук  |f 1957-  |g Ольга Григорьевна  |3 (RuTPU)RU\TPU\pers\29736  |9 14221 
801 1 |a RU  |b 63413507  |c 20090623  |g PSBO 
801 2 |a RU  |b 63413507  |c 20180115  |g PSBO 
856 4 |u http://earchive.tpu.ru/handle/11683/16010 
942 |c BK